000 00307nam a22001217a 4500
008 180202b xxu||||| |||| 00| 0 eng d
041 _aeng
080 _a574
100 _a9
101 _aMJE
245 _aAnimal agriculture research to meet human needs in the 21st century
_cAbelson,P.H
942 _2udc
_cBK
999 _c41603
_d41603